[Event "Bundesliga 9899"]
[Site "Deutschland"]
[Date "1999.04.17"]
[Round "14.3"]
[White "Gallagher, Joseph G"]
[Black "Renner, Christoph"]
[Result "1-0"]
[WhiteElo "2519"]
[BlackElo "2437"]
[PlyCount "81"]
[EventDate "1998.10.17"]
[EventType "team"]
[EventRounds "15"]
[EventCountry "GER"]
[SourceTitle "Bundesliga 9899"]
[Source "DeepChess"]
[SourceDate "2005.01.01"]
[SourceVersion "1"]
[SourceVersionDate "2005.01.01"]
[SourceQuality "1"]
[WhiteTeam "SV Castrop Rauxel 1923"]
[BlackTeam "Erfurter SK"]
[WhiteTeamCountry "GER"]
[BlackTeamCountry "GER"]

1. e4 e6 2. d3 d5 3. Qe2 Nf6 4. Nf3 Be7 5. g3 b6 6. Bg2 Bb7 7. e5 Nfd7 8. O-O
c5 9. c4 d4 10. h4 h6 11. h5 Nc6 12. Bf4 Qc7 13. Nbd2 O-O-O 14. Rfe1 Rdf8 15.
Ne4 Kb8 16. a3 g5 17. hxg6 fxg6 18. Nd6 Ba8 19. b4 g5 20. Bd2 g4 21. Nh2 h5 22.
bxc5 Nxc5 23. Bb4 Bxd6 24. exd6 Qxd6 25. Bxc5 bxc5 26. Nf1 Kc7 27. Qxe6 Rh6 28.
Qxd6+ Rxd6 29. Nd2 Rdf6 30. Re2 Bb7 31. Bd5 Rf5 32. Rae1 Rd8 33. Re6 Rd7 34.
Be4 Rg5 35. Rb1 Nd8 36. Rh6 Bc6 37. Bxc6 Nxc6 38. Ne4 Rf5 39. Nf6 Rf7 40. Nd5+
Kc8 41. Rxc6+ 1-0

[Event "Bundesliga 9899"]
[Site "Deutschland"]
[Date "1999.04.17"]
[Round "14.4"]
[White "Troyke, Christian"]
[Black "Seul, Georg"]
[Result "1/2-1/2"]
[WhiteElo "2400"]
[BlackElo "2441"]
[PlyCount "73"]
[EventDate "1998.10.17"]
[EventType "team"]
[EventRounds "15"]
[EventCountry "GER"]
[SourceTitle "Bundesliga 9899"]
[Source "DeepChess"]
[SourceDate "2005.01.01"]
[SourceVersion "1"]
[SourceVersionDate "2005.01.01"]
[SourceQuality "1"]
[WhiteTeam "Erfurter SK"]
[BlackTeam "SV Castrop Rauxel 1923"]
[WhiteTeamCountry "GER"]
[BlackTeamCountry "GER"]

1. g3 e5 2. c4 d6 3. Bg2 f5 4. Nc3 Nf6 5. e3 g6 6. d4 e4 7. Nge2 Bg7 8. Nf4 c6
9. h4 O-O 10. Rb1 Na6 11. b4 Nc7 12. Qb3 Ne6 13. c5 d5 14. Nce2 Nc7 15. a4 b5
16. cxb6 axb6 17. Nc3 b5 18. axb5 cxb5 19. Bf1 Bd7 20. Be2 Be8 21. Bd2 Qd7 22.
O-O h6 23. Ra1 Rxa1 24. Rxa1 g5 25. hxg5 hxg5 26. Ng2 Bh5 27. Bxh5 Nxh5 28. Ra7
Nf6 29. Nxb5 Qxb5 30. Rxc7 Qe2 31. Be1 Qh5 32. b5 Kh8 33. b6 Ng4 34. b7 Nh2 35.
Rc8 Nf3+ 36. Kf1 Nh2+ 37. Kg1 1/2-1/2

[Event "Bundesliga 9899"]
[Site "Deutschland"]
[Date "1999.04.17"]
[Round "14.5"]
[White "Hoffmann, Michael"]
[Black "Fuhrmann, Daniel"]
[Result "1-0"]
[WhiteElo "2407"]
[BlackElo "2324"]
[PlyCount "99"]
[EventDate "1998.10.17"]
[EventType "team"]
[EventRounds "15"]
[EventCountry "GER"]
[SourceTitle "Bundesliga 9899"]
[Source "DeepChess"]
[SourceDate "2005.01.01"]
[SourceVersion "1"]
[SourceVersionDate "2005.01.01"]
[SourceQuality "1"]
[WhiteTeam "SV Castrop Rauxel 1923"]
[BlackTeam "Erfurter SK"]
[WhiteTeamCountry "GER"]
[BlackTeamCountry "GER"]

1. e4 c6 2. d4 d5 3. exd5 cxd5 4. c4 Nf6 5. Nc3 Nc6 6. Nf3 Bg4 7. cxd5 Nxd5 8.
Qb3 Bxf3 9. gxf3 Nb6 10. d5 Nd4 11. Bb5+ Nd7 12. Qa4 Nxb5 13. Qxb5 g6 14. O-O
Bg7 15. Re1 O-O 16. Bg5 Bf6 17. Bxf6 exf6 18. Re3 Ne5 19. Rd1 Qc8 20. d6 Rd8
21. Qd5 Qc6 22. Qxc6 Nxc6 23. Nd5 Rxd6 24. Ne7+ Nxe7 25. Rxd6 Nf5 26. Rd7 Nxe3
27. fxe3 Rb8 28. e4 g5 29. Kf2 Kg7 30. Ke3 h5 31. h3 Kg6 32. a4 f5 33. exf5+
Kf6 34. f4 g4 35. hxg4 hxg4 36. Kf2 a5 37. Rd5 b6 38. Rb5 Ke7 39. Kg3 Kd6 40.
f6 Ke6 41. b4 axb4 42. a5 b3 43. axb6 Kxf6 44. Kxg4 Rb7 45. Rxb3 Ke6 46. Kg5
Kd5 47. Kf6 Ke4 48. f5 Kd5 49. Re3 Kd6 50. Kg7 1-0

[Event "Bundesliga 9899"]
[Site "Deutschland"]
[Date "1999.04.17"]
[Round "14.6"]
[White "Foetsch, Daniel"]
[Black "Dinstuhl, Volkmar"]
[Result "1-0"]
[WhiteElo "2233"]
[BlackElo "2410"]
[PlyCount "171"]
[EventDate "1998.10.17"]
[EventType "team"]
[EventRounds "15"]
[EventCountry "GER"]
[SourceTitle "Bundesliga 9899"]
[Source "DeepChess"]
[SourceDate "2005.01.01"]
[SourceVersion "1"]
[SourceVersionDate "2005.01.01"]
[SourceQuality "1"]
[WhiteTeam "Erfurter SK"]
[BlackTeam "SV Castrop Rauxel 1923"]
[WhiteTeamCountry "GER"]
[BlackTeamCountry "GER"]

1. d4 Nf6 2. Nc3 d5 3. Bg5 c5 4. Bxf6 gxf6 5. e3 e6 6. Qh5 Nc6 7. Nge2 f5 8.
O-O-O cxd4 9. exd4 Bd7 10. g4 fxg4 11. h3 gxh3 12. f4 Qf6 13. Bxh3 O-O-O 14.
Kb1 Qg6 15. Qh4 Be7 16. Qf2 f5 17. Nc1 h5 18. N3e2 Kb8 19. Qe3 h4 20. Nd3 Rhg8
21. Rd2 Bc8 22. b3 Bf6 23. c3 Qf7 24. Kb2 b6 25. a4 Ba6 26. Ra1 Rc8 27. Rdd1
Na5 28. Rg1 Qd7 29. Rae1 Bc4 30. Ne5 Bxe5 31. Qxe5+ Kb7 32. Nc1 Bxb3 33. Rxg8
Nc4+ 34. Kxb3 Nxe5 35. Rxc8 Nf3 36. Re3 Nd2+ 37. Kc2 Nc4 38. Rxc4 dxc4 39. Bg2+
Ka6 40. a5 Kxa5 41. Re5+ Ka4 42. Kb2 Qd6 43. Bf3 b5 44. Bg2 Ka5 45. d5 exd5 46.
Bxd5 h3 47. Bxc4 Qd2+ 48. Kb1 Qxc3 49. Rxb5+ Ka4 50. Rc5 Qb4+ 51. Bb3+ Ka3 52.
Rc4 Qb5 53. Rc3 Qb8 54. Rxh3 a5 55. Kc2 Kb4 56. Rc3 Kb5 57. Nd3 Qh8 58. Rc5+
Kb6 59. Rxf5 Qd4 60. Rd5 Qe4 61. Re5 Qg2+ 62. Kc3 Qc6+ 63. Bc4 Qa4 64. f5 Qa1+
65. Kd2 Qd4 66. Be6 Qh4 67. Bd5 Qh2+ 68. Re2 Qh6+ 69. Kc3 Qh8+ 70. Re5 Kb5 71.
Bc4+ Kb6 72. Kb3 Qh1 73. Rb5+ Ka6 74. f6 Ka7 75. f7 Qd1+ 76. Kc3 Qa1+ 77. Kd2
Qf6 78. Bd5 Ka6 79. Bc4 Ka7 80. Ke3 Qh6+ 81. Kd4 Qf6+ 82. Ne5 Qd6+ 83. Rd5 Qf6
84. Rd7+ Kb6 85. Bd5 Qf5 86. Rd8 1-0

[Event "Bundesliga 9899"]
[Site "Deutschland"]
[Date "1999.04.17"]
[Round "14.7"]
[White "Hennig, Dirk"]
[Black "Langheinrich, Ferenc"]
[Result "1-0"]
[WhiteElo "2439"]
[BlackElo "2279"]
[PlyCount "89"]
[EventDate "1998.10.17"]
[EventType "team"]
[EventRounds "15"]
[EventCountry "GER"]
[SourceTitle "Bundesliga 9899"]
[Source "DeepChess"]
[SourceDate "2005.01.01"]
[SourceVersion "1"]
[SourceVersionDate "2005.01.01"]
[SourceQuality "1"]
[WhiteTeam "SV Castrop Rauxel 1923"]
[BlackTeam "Erfurter SK"]
[WhiteTeamCountry "GER"]
[BlackTeamCountry "GER"]

1. d4 Nf6 2. Bg5 e6 3. e3 c5 4. c3 d5 5. Nd2 Nc6 6. Bd3 h6 7. Bh4 Be7 8. Bxf6
gxf6 9. Qh5 Qb6 10. O-O-O Bd7 11. dxc5 Qxc5 12. Nb3 Qb6 13. Nf3 Rc8 14. Kb1 a5
15. e4 a4 16. exd5 axb3 17. dxc6 Rxc6 18. Bb5 bxa2+ 19. Ka1 e5 20. Bxc6 Qxc6
21. Rhe1 Be6 22. Nh4 Qc8 23. h3 b5 24. Rc1 Qc5 25. Nf5 Rg8 26. Nxe7 Kxe7 27. g4
Qxf2 28. Qxh6 Qf4 29. Qxf4 exf4 30. Re4 Rh8 31. Rh1 Rh4 32. Rxf4 f5 33. Re1
fxg4 34. hxg4 Kd6 35. Rb4 Kc6 36. g5 Rxb4 37. cxb4 Kd6 38. Re3 Kd5 39. b3 Kd4
40. Rg3 Bf5 41. Kxa2 Ke4 42. Kb2 Kd4 43. Rf3 Be6 44. Rf6 Bd5 45. Rb6 1-0

[Event "Bundesliga 9899"]
[Site "Deutschland"]
[Date "1999.04.17"]
[Round "14.8"]
[White "August, Christian"]
[Black "Brendel, Oliver"]
[Result "0-1"]
[WhiteElo "2155"]
[BlackElo "2404"]
[PlyCount "76"]
[EventDate "1998.10.17"]
[EventType "team"]
[EventRounds "15"]
[EventCountry "GER"]
[SourceTitle "Bundesliga 9899"]
[Source "DeepChess"]
[SourceDate "2005.01.01"]
[SourceVersion "1"]
[SourceVersionDate "2005.01.01"]
[SourceQuality "1"]
[WhiteTeam "Erfurter SK"]
[BlackTeam "SV Castrop Rauxel 1923"]
[WhiteTeamCountry "GER"]
[BlackTeamCountry "GER"]

1. Nf3 c5 2. e4 g6 3. d4 cxd4 4. Nxd4 Nc6 5. c4 Nf6 6. Nc3 Nxd4 7. Qxd4 d6 8.
Bg5 Bg7 9. Be2 O-O 10. Qd2 Be6 11. O-O a6 12. Rac1 Qa5 13. Rfd1 Rfc8 14. b3 b5
15. Bxf6 Bxf6 16. Nd5 Qxd2 17. Nxf6+ Kg7 18. Nh5+ gxh5 19. Rxd2 bxc4 20. Rdc2
cxb3 21. Rxc8 Rxc8 22. Rxc8 Bxc8 23. axb3 a5 24. Bxh5 Bb7 25. e5 dxe5 26. Kf1
Kf6 27. Bd1 Ke6 28. g4 Kd6 29. h4 Kc5 30. Bc2 e4 31. Ke2 Kb4 32. Kd2 f6 33. g5
fxg5 34. hxg5 Bd5 35. f3 e5 36. Ke3 Kc3 37. Bb1 Kxb3 38. fxe4 Bc4 0-1

[Event "Bundesliga 9899"]
[Site "Deutschland"]
[Date "1999.04.17"]
[Round "14.2"]
[White "Thesing, Matthias"]
[Black "Sadler, Matthew"]
[Result "1-0"]
[WhiteElo "2455"]
[BlackElo "2668"]
[PlyCount "69"]
[EventDate "1998.10.17"]
[EventType "team"]
[EventRounds "15"]
[EventCountry "GER"]
[SourceTitle "Bundesliga 9899"]
[Source "DeepChess"]
[SourceDate "2005.01.01"]
[SourceVersion "1"]
[SourceVersionDate "2005.01.01"]
[SourceQuality "1"]
[WhiteTeam "PSV Turm Duisburg 1920 e.V."]
[BlackTeam "SG 1868 Aljech. Solingen"]
[WhiteTeamCountry "GER"]
[BlackTeamCountry "GER"]

1. e4 c5 2. Nc3 e6 3. g3 Nc6 4. Nge2 d5 5. exd5 exd5 6. Bg2 d4 7. Nd5 Nf6 8.
Nef4 Nxd5 9. Nxd5 Bd6 10. O-O O-O 11. d3 Re8 12. a3 Bf5 13. Bf4 Be5 14. Bxe5
Nxe5 15. f4 Bg4 16. Qd2 Nc6 17. Rae1 Qd7 18. Rxe8+ Rxe8 19. Re1 Rd8 20. c4 dxc3
21. Qxc3 Qd6 22. b4 cxb4 23. axb4 Be6 24. Qc5 h6 25. Qxd6 Rxd6 26. Nc7 Nxb4 27.
Bxb7 Nxd3 28. Ra1 Bf5 29. Nd5 Kh7 30. Ne3 Be6 31. Be4+ g6 32. Rd1 Nc5 33. Bxg6+
Kxg6 34. Rxd6 Kg7 35. Rc6 1-0

[Event "Bundesliga 9899"]
[Site "Deutschland"]
[Date "1999.04.17"]
[Round "14.4"]
[White "Zude, Arno"]
[Black "Huebner, Robert"]
[Result "0-1"]
[WhiteElo "2395"]
[BlackElo "2585"]
[PlyCount "106"]
[EventDate "1998.10.17"]
[EventType "team"]
[EventRounds "15"]
[EventCountry "GER"]
[SourceTitle "Bundesliga 9899"]
[Source "DeepChess"]
[SourceDate "2005.01.01"]
[SourceVersion "1"]
[SourceVersionDate "2005.01.01"]
[SourceQuality "1"]
[WhiteTeam "PSV Turm Duisburg 1920 e.V."]
[BlackTeam "SG 1868 Aljech. Solingen"]
[WhiteTeamCountry "GER"]
[BlackTeamCountry "GER"]

1. e4 e6 2. d4 d5 3. e5 b6 4. c3 Qd7 5. Nf3 Ne7 6. Bf4 c5 7. Nbd2 Nec6 8. dxc5
bxc5 9. c4 Be7 10. Bd3 Nb4 11. Be2 O-O 12. a3 N4c6 13. O-O f5 14. cxd5 exd5 15.
Rc1 Bb7 16. Nb3 c4 17. Nbd4 Na6 18. Qc2 Nc5 19. Rfd1 Na5 20. h4 Rac8 21. g3
Nab3 22. Rb1 Nxd4 23. Nxd4 Ne6 24. Nxe6 Qxe6 25. Qc3 Bc5 26. b3 Bb6 27. bxc4 d4
28. Qb3 Rf7 29. c5 Bd5 30. Qxd5 Qxd5 31. cxb6 axb6 32. Rxb6 Qe4 33. Bf1 Rd7 34.
Rb4 h6 35. e6 Qxe6 36. Rbxd4 Rxd4 37. Rxd4 Qe1 38. Be3 Rc2 39. Rd8+ Kf7 40.
Rd7+ Kf8 41. Rd5 g6 42. Rc5 Rxc5 43. Bxc5+ Kg7 44. Bb4 Qd1 45. Bc3+ Kf7 46. Be5
g5 47. hxg5 hxg5 48. Bc3 Ke6 49. Bb4 Kd5 50. Be7 g4 51. Kg2 Ke4 52. Bb5 Qd5 53.
Be2 Kd4+ 0-1

[Event "Bundesliga 9899"]
[Site "Deutschland"]
[Date "1999.04.17"]
[Round "14.5"]
[White "Piket, Jeroen"]
[Black "Schmitz, Joachim"]
[Result "1-0"]
[WhiteElo "2609"]
[BlackElo "2320"]
[PlyCount "55"]
[EventDate "1998.10.17"]
[EventType "team"]
[EventRounds "15"]
[EventCountry "GER"]
[SourceTitle "Bundesliga 9899"]
[Source "DeepChess"]
[SourceDate "2005.01.01"]
[SourceVersion "1"]
[SourceVersionDate "2005.01.01"]
[SourceQuality "1"]
[WhiteTeam "SG 1868 Aljech. Solingen"]
[BlackTeam "PSV Turm Duisburg 1920 e.V."]
[WhiteTeamCountry "GER"]
[BlackTeamCountry "GER"]

1. d4 d5 2. c4 c6 3. Nc3 Nf6 4. e3 g6 5. Nf3 Bg7 6. Be2 O-O 7. O-O Bg4 8. cxd5
cxd5 9. Qb3 b6 10. h3 Bxf3 11. Bxf3 e6 12. Bd2 Nc6 13. Be2 a6 14. Rac1 Na5 15.
Qb4 Nd7 16. b3 Re8 17. Nb1 Nf6 18. Qa4 Nb7 19. Bxa6 Ra7 20. Rc6 Nd7 21. Rfc1 e5
22. Rc8 Qe7 23. Bb4 Qe6 24. Qc6 Nd8 25. Qxe6 fxe6 26. Bb5 Bf8 27. Bxf8 Rxf8 28.
R8c7 1-0

[Event "Bundesliga 9899"]
[Site "Deutschland"]
[Date "1999.04.17"]
[Round "14.6"]
[White "Kummerow, Heiko"]
[Black "Speelman, Jonathan S"]
[Result "0-1"]
[WhiteElo "2288"]
[BlackElo "2601"]
[PlyCount "108"]
[EventDate "1998.10.17"]
[EventType "team"]
[EventRounds "15"]
[EventCountry "GER"]
[SourceTitle "Bundesliga 9899"]
[Source "DeepChess"]
[SourceDate "2005.01.01"]
[SourceVersion "1"]
[SourceVersionDate "2005.01.01"]
[SourceQuality "1"]
[WhiteTeam "PSV Turm Duisburg 1920 e.V."]
[BlackTeam "SG 1868 Aljech. Solingen"]
[WhiteTeamCountry "GER"]
[BlackTeamCountry "GER"]

1. e4 c6 2. d4 d5 3. Nc3 dxe4 4. Nxe4 Nd7 5. Ng5 Ngf6 6. Bd3 e6 7. N1f3 Bd6 8.
Qe2 h6 9. Ne4 Nxe4 10. Qxe4 Qc7 11. Qg4 Kf8 12. O-O c5 13. Qh4 c4 14. Be2 b5
15. a4 b4 16. Bxc4 Bb7 17. Nd2 Nf6 18. Bd3 Bd5 19. Qh3 Rd8 20. Re1 Kg8 21. Nf1
g6 22. Ne3 Kg7 23. Bd2 Be4 24. Bxe4 Nxe4 25. Rad1 Nxd2 26. Rxd2 Bf4 27. g3 Bxe3
28. fxe3 h5 29. Qh4 Rd5 30. Qf4 e5 31. Qf3 Rhd8 32. Rf2 Qe7 33. Ref1 R8d7 34.
c4 bxc3 35. bxc3 R5d6 36. Qe4 exd4 37. Rxf7+ Qxf7 38. Rxf7+ Kxf7 39. cxd4 Re7
40. Qf3+ Rf6 41. Qd5+ Kg7 42. e4 Rc7 43. Qe5 Rc1+ 44. Kg2 Rc2+ 45. Kh3 Rcf2 46.
Kh4 Kh6 47. Qg5+ Kh7 48. Kh3 Rf7 49. d5 Re2 50. Qe5 Rff2 51. Kh4 Rf5 52. Qc7+
Kh6 53. g4 g5+ 54. Kg3 h4+ 0-1

[Event "Bundesliga 9899"]
[Site "Deutschland"]
[Date "1999.04.17"]
[Round "14.1"]
[White "Hracek, Zbynek"]
[Black "Bauer, Christian"]
[Result "1/2-1/2"]
[WhiteElo "2615"]
[BlackElo "2528"]
[PlyCount "76"]
[EventDate "1998.10.17"]
[EventType "team"]
[EventRounds "15"]
[EventCountry "GER"]
[SourceTitle "Bundesliga 9899"]
[Source "DeepChess"]
[SourceDate "2005.01.01"]
[SourceVersion "1"]
[SourceVersionDate "2005.01.01"]
[SourceQuality "1"]
[WhiteTeam "SAbt SV Werder Bremen"]
[BlackTeam "SK Viernheim"]
[WhiteTeamCountry "GER"]
[BlackTeamCountry "GER"]

1. d4 Nf6 2. c4 e6 3. Nc3 Bb4 4. Qc2 c5 5. dxc5 Na6 6. a3 Qa5 7. Bd2 Nxc5 8.
Rd1 Bxc3 9. Bxc3 Qa4 10. Qxa4 Nxa4 11. Be5 b6 12. f3 Ba6 13. e4 Rc8 14. Nh3 Nc5
15. b4 Na4 16. b5 Bb7 17. Nf4 a6 18. Be2 axb5 19. cxb5 d5 20. Bxf6 gxf6 21.
exd5 Nc3 22. Rc1 Ke7 23. dxe6 fxe6 24. Kd2 Rhd8+ 25. Bd3 Nxb5 26. Rxc8 Bxc8 27.
Ke3 Nd4 28. Ne2 Nxe2 29. Kxe2 h6 30. Rb1 Rd6 31. Rc1 Bd7 32. Rc7 Kd8 33. Ra7 e5
34. g3 f5 35. h4 Rd5 36. Rb7 Rd6 37. Ra7 Rd5 38. Rb7 Rd6 1/2-1/2

[Event "Bundesliga 9899"]
[Site "Deutschland"]
[Date "1999.04.17"]
[Round "14.2"]
[White "Rausis, Igors"]
[Black "Kindermann, Stefan"]
[Result "0-1"]
[WhiteElo "2508"]
[BlackElo "2541"]
[PlyCount "36"]
[EventDate "1998.10.17"]
[EventType "team"]
[EventRounds "15"]
[EventCountry "GER"]
[SourceTitle "Bundesliga 9899"]
[Source "DeepChess"]
[SourceDate "2005.01.01"]
[SourceVersion "1"]
[SourceVersionDate "2005.01.01"]
[SourceQuality "1"]
[WhiteTeam "SK Viernheim"]
[BlackTeam "SAbt SV Werder Bremen"]
[WhiteTeamCountry "GER"]
[BlackTeamCountry "GER"]

1. d4 Nf6 2. Nf3 g6 3. c4 Bg7 4. g3 O-O 5. Bg2 d6 6. O-O Nbd7 7. Nc3 e5 8. b3
Re8 9. e3 exd4 10. exd4 Nf8 11. Be3 c6 12. h3 d5 13. Rc1 Ne4 14. cxd5 Nxc3 15.
Rxc3 Qxd5 16. Rc5 Qd6 17. d5 Rxe3 18. fxe3 Qxc5 0-1

[Event "Bundesliga 9899"]
[Site "Deutschland"]
[Date "1999.04.17"]
[Round "14.3"]
[White "Knaak, Rainer"]
[Black "Beikert, Guenther"]
[Result "0-1"]
[WhiteElo "2540"]
[BlackElo "2440"]
[PlyCount "42"]
[EventDate "1998.10.17"]
[EventType "team"]
[EventRounds "15"]
[EventCountry "GER"]
[SourceTitle "Bundesliga 9899"]
[Source "DeepChess"]
[SourceDate "2005.01.01"]
[SourceVersion "1"]
[SourceVersionDate "2005.01.01"]
[SourceQuality "1"]
[WhiteTeam "SAbt SV Werder Bremen"]
[BlackTeam "SK Viernheim"]
[WhiteTeamCountry "GER"]
[BlackTeamCountry "GER"]

1. d4 d5 2. c4 c6 3. Nf3 Nf6 4. Nc3 e6 5. Bg5 h6 6. Bh4 dxc4 7. e4 g5 8. Bg3 b5
9. Be2 Nbd7 10. e5 Nd5 11. h4 Qa5 12. hxg5 Nxc3 13. bxc3 Qxc3+ 14. Kf1 Bb7 15.
Bf4 O-O-O 16. gxh6 Be7 17. Bd2 Qb2 18. Qe1 Nb6 19. a4 Nxa4 20. Bxc4 bxc4 21.
Rxa4 c3 0-1

[Event "Bundesliga 9899"]
[Site "Deutschland"]
[Date "1999.04.17"]
[Round "14.4"]
[White "Sokolov, Andrei"]
[Black "Babula, Vlastimil"]
[Result "1/2-1/2"]
[WhiteElo "2567"]
[BlackElo "2565"]
[PlyCount "47"]
[EventDate "1998.10.17"]
[EventType "team"]
[EventRounds "15"]
[EventCountry "GER"]
[SourceTitle "Bundesliga 9899"]
[Source "DeepChess"]
[SourceDate "2005.01.01"]
[SourceVersion "1"]
[SourceVersionDate "2005.01.01"]
[SourceQuality "1"]
[WhiteTeam "SK Viernheim"]
[BlackTeam "SAbt SV Werder Bremen"]
[WhiteTeamCountry "GER"]
[BlackTeamCountry "GER"]

1. e4 c5 2. c3 d5 3. exd5 Qxd5 4. d4 Nf6 5. Nf3 Bg4 6. Be2 e6 7. h3 Bh5 8. O-O
Nc6 9. Be3 cxd4 10. cxd4 Be7 11. Nc3 Qd6 12. Qb3 O-O 13. Rfd1 Rfd8 14. Rac1 Qb4
15. Qxb4 Nxb4 16. g4 Bg6 17. Ne5 Nfd5 18. Nxg6 hxg6 19. Bf3 Rac8 20. Nxd5 Nxd5
21. Bxd5 exd5 22. Rxc8 Rxc8 23. Rc1 Rxc1+ 24. Bxc1 1/2-1/2

[Event "Bundesliga 9899"]
[Site "Deutschland"]
[Date "1999.04.17"]
[Round "14.5"]
[White "Meins, Gerlef"]
[Black "Schulze, Ulrich"]
[Result "1-0"]
[WhiteElo "2439"]
[BlackElo "2360"]
[PlyCount "51"]
[EventDate "1998.10.17"]
[EventType "team"]
[EventRounds "15"]
[EventCountry "GER"]
[SourceTitle "Bundesliga 9899"]
[Source "DeepChess"]
[SourceDate "2005.01.01"]
[SourceVersion "1"]
[SourceVersionDate "2005.01.01"]
[SourceQuality "1"]
[WhiteTeam "SAbt SV Werder Bremen"]
[BlackTeam "SK Viernheim"]
[WhiteTeamCountry "GER"]
[BlackTeamCountry "GER"]

1. d4 d5 2. c4 c6 3. Nf3 Nf6 4. Qc2 g6 5. Bf4 Be6 6. Nbd2 Bg7 7. e3 O-O 8. Be2
Nbd7 9. O-O Nh5 10. Bg5 h6 11. Bh4 f5 12. g4 Nhf6 13. gxf5 Bxf5 14. Bd3 Bxd3
15. Qxd3 g5 16. Bg3 Nh5 17. cxd5 Nxg3 18. fxg3 cxd5 19. Qb3 Nb6 20. a4 a5 21.
Rac1 e6 22. Ne5 Qd6 23. Nd3 Rxf1+ 24. Rxf1 Nd7 25. Qxb7 Rb8 26. Qa7 1-0

[Event "Bundesliga 9899"]
[Site "Deutschland"]
[Date "1999.04.17"]
[Round "14.6"]
[White "Schwalfenberg, Joerg"]
[Black "Heissler, Jakob"]
[Result "1-0"]
[WhiteElo "2360"]
[BlackElo "2450"]
[PlyCount "111"]
[EventDate "1998.10.17"]
[EventType "team"]
[EventRounds "15"]
[EventCountry "GER"]
[SourceTitle "Bundesliga 9899"]
[Source "DeepChess"]
[SourceDate "2005.01.01"]
[SourceVersion "1"]
[SourceVersionDate "2005.01.01"]
[SourceQuality "1"]
[WhiteTeam "SK Viernheim"]
[BlackTeam "SAbt SV Werder Bremen"]
[WhiteTeamCountry "GER"]
[BlackTeamCountry "GER"]

1. d4 Nf6 2. Nf3 g6 3. c4 Bg7 4. Nc3 O-O 5. d5 d6 6. g3 e5 7. Bg2 a5 8. O-O Na6
9. e4 c6 10. dxc6 bxc6 11. b3 Qe7 12. Ba3 Nb4 13. Ne1 Rd8 14. Nc2 Rb8 15. Qd2
Be6 16. Rfd1 Bh6 17. Qe2 Qa7 18. h3 Bf8 19. Bc1 Nd7 20. Nd5 Bxd5 21. Nxb4 Rxb4
22. exd5 c5 23. Be4 Bg7 24. Bd2 Rbb8 25. Bc3 Re8 26. g4 Qb6 27. Qd2 Ra8 28. Re1
Qd8 29. Re2 Bf6 30. Rae1 Bg5 31. Qd3 Bf4 32. Qf3 Qg5 33. Kh1 Nf6 34. Bc2 Kg7
35. a3 Rh8 36. Rg1 Rhb8 37. Be1 Nd7 38. a4 Nf6 39. Qg2 Ne8 40. f3 Qd8 41. h4 h6
42. Qf2 g5 43. Bc3 gxh4 44. Re4 Kf8 45. Rxf4 exf4 46. Qh2 Rb7 47. Be1 Qf6 48.
Bxh4 Qc3 49. Be4 Rxb3 50. g5 h5 51. g6 Qe5 52. gxf7 Ng7 53. Bg5 Rb2 54. Qh4 Ra7
55. Bf6 Nf5 56. Bxe5 1-0

[Event "Bundesliga 9899"]
[Site "Deutschland"]
[Date "1999.04.17"]
[Round "14.7"]
[White "Kachiani Gersinska, Ketino"]
[Black "Grund, Holger"]
[Result "1/2-1/2"]
[WhiteElo "2439"]
[BlackElo "2390"]
[PlyCount "88"]
[EventDate "1998.10.17"]
[EventType "team"]
[EventRounds "15"]
[EventCountry "GER"]
[SourceTitle "Bundesliga 9899"]
[Source "DeepChess"]
[SourceDate "2005.01.01"]
[SourceVersion "1"]
[SourceVersionDate "2005.01.01"]
[SourceQuality "1"]
[WhiteTeam "SAbt SV Werder Bremen"]
[BlackTeam "SK Viernheim"]
[WhiteTeamCountry "GER"]
[BlackTeamCountry "GER"]

1. d4 d5 2. c4 dxc4 3. e3 Nf6 4. Bxc4 e6 5. Nf3 a6 6. Qe2 c5 7. dxc5 Bxc5 8.
O-O O-O 9. e4 Nc6 10. e5 Nd7 11. Bf4 Qc7 12. Nbd2 Nd4 13. Nxd4 Bxd4 14. Nf3
Bxb2 15. Rab1 Ba3 16. Ng5 Be7 17. h4 Bxg5 18. hxg5 Rd8 19. Rfc1 Qa5 20. Rd1 b5
21. Bb3 Bb7 22. g6 Nf8 23. gxf7+ Kxf7 24. Rd6 Re8 25. Rc1 Kg8 26. Bd2 b4 27.
Qe1 Ng6 28. Rxe6 Rxe6 29. Bxe6+ Kh8 30. Bxb4 Qb6 31. Bf5 Re8 32. Bxg6 Qxg6 33.
f3 Bxf3 34. Qf2 Bd5 35. Rf1 h6 36. Bd6 Rc8 37. Qd2 Be4 38. Rf8+ Rxf8 39. Bxf8
Qb6+ 40. Kh2 Qg6 41. Bd6 Kh7 42. Kg1 Qe6 43. a3 Qg4 44. Qf2 Qd1+ 1/2-1/2

[Event "Bundesliga 9899"]
[Site "Deutschland"]
[Date "1999.04.17"]
[Round "14.8"]
[White "Schmidt, Stefan"]
[Black "Meyer, Claus Dieter"]
[Result "0-1"]
[WhiteElo "2230"]
[BlackElo "2315"]
[PlyCount "88"]
[EventDate "1998.10.17"]
[EventType "team"]
[EventRounds "15"]
[EventCountry "GER"]
[SourceTitle "Bundesliga 9899"]
[Source "DeepChess"]
[SourceDate "2005.01.01"]
[SourceVersion "1"]
[SourceVersionDate "2005.01.01"]
[SourceQuality "1"]
[WhiteTeam "SK Viernheim"]
[BlackTeam "SAbt SV Werder Bremen"]
[WhiteTeamCountry "GER"]
[BlackTeamCountry "GER"]

1. e4 c5 2. b3 Nc6 3. Bb2 d6 4. Bb5 Bd7 5. Nf3 Nf6 6. Qe2 e6 7. O-O Be7 8. Nc3
O-O 9. Bxc6 Bxc6 10. d4 cxd4 11. Nxd4 Qb6 12. Rad1 Rac8 13. Rd3 Rfd8 14. Rfd1
Qc5 15. Rh3 Bd7 16. Rd2 a6 17. a4 g6 18. Qe3 e5 19. Nf5 Bxf5 20. exf5 Qxe3 21.
Rxe3 gxf5 22. f4 e4 23. Rg3+ Kf8 24. Ne2 Ng4 25. Nd4 Bf6 26. Nxf5 Bxb2 27. Rxg4
Rc5 28. Ne3 Bc1 29. Re2 d5 30. f5 Bxe3+ 31. Rxe3 Rxc2 32. Rh3 Ke7 33. Rxh7 e3
34. Kf1 Rf2+ 35. Ke1 Rc8 36. Rd4 Rc1+ 37. Rd1 Rxd1+ 38. Kxd1 Rxg2 39. Rh3 d4
40. Rh4 Rd2+ 41. Ke1 Kf6 42. Re4 Kxf5 43. Re7 f6 44. h4 Rh2 0-1

[Event "Bundesliga 9899"]
[Site "Deutschland"]
[Date "1999.04.17"]
[Round "14.2"]
[White "Georgiev, Vladimir"]
[Black "Stohl, Igor"]
[Result "1/2-1/2"]
[WhiteElo "2508"]
[BlackElo "2561"]
[PlyCount "46"]
[EventDate "1998.10.17"]
[EventType "team"]
[EventRounds "15"]
[EventCountry "GER"]
[SourceTitle "Bundesliga 9899"]
[Source "DeepChess"]
[SourceDate "2005.01.01"]
[SourceVersion "1"]
[SourceVersionDate "2005.01.01"]
[SourceQuality "1"]
[WhiteTeam "USC Magdeburg"]
[BlackTeam "SF Neukoelln 03 e.V."]
[WhiteTeamCountry "GER"]
[BlackTeamCountry "GER"]

1. d4 Nf6 2. c4 e6 3. Nc3 Bb4 4. e3 c5 5. Bd3 Nc6 6. Nge2 cxd4 7. exd4 d5 8.
cxd5 Nxd5 9. O-O O-O 10. Nxd5 exd5 11. Nf4 Bd6 12. Re1 g6 13. Bc2 Nb4 14. Bb1
Qf6 15. g3 Be6 16. Be3 Nc6 17. Nxe6 fxe6 18. a3 Bc7 19. Qd3 Bb6 20. Rd1 Ne7 21.
Bf4 Nc6 22. Be3 Ne7 23. Bf4 Nc6 1/2-1/2